Sublime smoke : bold new flowers inspired by the old art of barbecue / (Record no. 630)
[ view plain ]
| 000 -LEADER | |
|---|---|
| fixed length control field | 00753nam a22002417a 4500 |
| 003 - CONTROL NUMBER IDENTIFIER | |
| control field | OSt |
| 005 - DATE AND TIME OF LATEST TRANSACTION | |
| control field | 20240613072034.0 |
| 008 - FIXED-LENGTH DATA ELEMENTS--GENERAL INFORMATION | |
| fixed length control field | 240613b |||||||| |||| 00| 0 eng d |
| 020 ## - INTERNATIONAL STANDARD BOOK NUMBER | |
| International Standard Book Number | 1558322922 |
| 040 ## - CATALOGING SOURCE | |
| Original cataloging agency | DWCL-HMN lib. |
| Transcribing agency | OC |
| 082 ## - DEWEY DECIMAL CLASSIFICATION NUMBER | |
| Classification number | Circ. 641.46 J32s 1996 |
| 006 - FIXED-LENGTH DATA ELEMENTS--ADDITIONAL MATERIAL CHARACTERISTICS | |
| fixed length control field | a |
| 100 ## - MAIN ENTRY--PERSONAL NAME | |
| Personal name | Jamison, Cheryl Alters |
| 245 ## - TITLE STATEMENT | |
| Title | Sublime smoke : bold new flowers inspired by the old art of barbecue / |
| 260 ## - PUBLICATION, DISTRIBUTION, ETC. | |
| Place of publication, distribution, etc. | Boston, Masachusettes : |
| Name of publisher, distributor, etc. | The harvard Common Press, |
| Date of publication, distribution, etc. | c1996. |
| 300 ## - PHYSICAL DESCRIPTION | |
| Extent | vii, |
| Other physical details | 392 p. : ill. ; |
| Dimensions | 23 cm. |
| 490 ## - SERIES STATEMENT | |
| Materials specified | Lighter and healthier recipes. |
| 504 ## - BIBLIOGRAPHY, ETC. NOTE | |
| Bibliography, etc. note | Includes index. |
| 650 ## - SUBJECT ADDED ENTRY--TOPICAL TERM | |
| Topical term or geographic name entry element | 1. Cookery (Smoked foods). |
| 650 ## - SUBJECT ADDED ENTRY--TOPICAL TERM | |
| Topical term or geographic name entry element | 2. Barbecue cookery. |
| 700 ## - ADDED ENTRY--PERSONAL NAME | |
| Personal name | Cheryl Alters Jamison |
| 942 ## - ADDED ENTRY ELEMENTS (KOHA) | |
| Source of classification or shelving scheme | Dewey Decimal Classification |
| Suppress in OPAC | No |
| Koha item type | Book Circulation |
| Call number prefix | Circ. |